000 00528nam a2200205Ia 4500
005 20250526123453.0
008 131103s9999 xx 000 0 und d
020 _a0 19 561250 7
040 _aLoreto College
041 _aEnglish
082 _a900
_bVAT
100 _aVatsal, Tulsi
245 2 _aA new illustrated history of India
_cTulsi Vatsal
260 _aDelhi
_bOxford University Press
_c1980
300 _a85p.
_b ill.
650 _aHistory - India
651 _aIndia - History
850 _aLCBED
942 _cBK
999 _c29005
_d79484